00548nam a2200121Ia 4500082001200000100006600012245016400078260001500242300001600257504003300273536005700306650006300363 aRP.0297 aPande, MilinduMIT School of Telecom Management vPune, India 0aImpact of Ict Facilities on Rural Education in Backward Regions:bA Study in The Context of Bpl Families in Marathwada & Vidarbha Regions of Maharashtra State  c2014aPune axxxii, 381p aInclude References and Notes aIndian Council of Social Science Research, New Delhi aSocio-Economic AspectvRural EducationzMaharashtrazIndia